000 00374nam a22001457a 4500
003 OSt
008 240911b |||||||| |||| 00| 0 eng d
020 _a9789351282570
082 _a615.538
_bNAD
100 _aNARAIN, S
245 _aDoctors, Scientists and Engineers of Ancient India
260 _aDelhi:
_bKalpaz Publications,
_c2017.
300 _a202p.
942 _2ddc
_cBK
999 _c12902
_d12902